Estudio de la variación morfológica del Gonopodo de Strengeriana Maniformis (Brachyura: Pseudothelphusidae) mediante aplicación de morfometría geométrica (Registro nro. 16299)
[ vista simple ]
| 000 -CABECERA | |
|---|---|
| Campo de control | 005790000a22001690004500 |
| 090 ## - CLASIFICACIÓN LOCAL | |
| Colección | SERIADAS |
| 041 0# - IDIOMA | |
| Código de idioma para texto/pista de sonido o título separado | |
| 044 ## - PAÍS DE PUBLICACIÓN | |
| País de publicación | |
| 100 1# - ASIENTO PRINCIPAL--NOMBRE PERSONAL | |
| Nombre personal | Pedraza, Manuel |
| 245 10 - MENCION DE TITULO | |
| Título | Estudio de la variación morfológica del Gonopodo de Strengeriana Maniformis (Brachyura: Pseudothelphusidae) mediante aplicación de morfometría geométrica |
| 700 1# - ASIENTO SECUNDARIO - NOMBRE PERSONAL | |
| Nombre personal | Campos, Martha R. |
| 773 1# - Item fuente: | |
| Título | Caldasia |
| Detalles específicos del material | Jun |
| Descripción física | 1 |
| Paginas del Articulo | 143-152 |
| Lugar, editorial y fecha de publicación | 2007 |
| Información sobre la relación | 29 |
| 942 ## - ELEMENTOS ADICIONALES (KOHA) | |
| Tipo de ítem | Artículo |
No hay ítems disponibles.